01351nam a2200313Ia 4500001001200000003000800012006001900020007001500039008004100054010001700095020001800112020001800130040002100148035002100169043001200190050002400202082002300226245013900249260013300388300002400521504005100545533015200596650003000748651005500778655002900833700003200862710001700894856012600911ebr10615139CaPaEBRm u cr cn|||||||||980319s1998 dcua sb 001 0 eng  z 98006761  z9780877666769 z9780877668008 aCaPaEBRcCaPaEBR a(OCoLC)605476605 an-us---14aJK271b.G723 1998eb04a320.973/09/04922104aThe government we deserveh[electronic resource] :bresponsive democracy and changing expectations /cC. Eugene Steuerle ... [et al.]. aWashington, D.C. :bUrban Institute Press ;aLanham, Md. :bDistributed in North America by University Press of America,cc1998. axii, 194 p. :bill. aIncludes bibliographical references and index. aElectronic reproduction.bPalo Alto, Calif. :cebrary,d2011.nAvailable via World Wide Web.nAccess may be limited to ebrary affiliated libraries. 0aDemocracyzUnited States. 0aUnited StatesxPolitics and governmenty1993-2001. 7aElectronic books.2local1 aSteuerle, C. Eugene,d1946-2 aebrary, Inc.40uhttp://site.ebrary.com/lib/rucke/Doc?id=10615139zAn electronic book accessible through the World Wide Web; click to view